[Event "World Rapid 2023"]
[Site "Samarkand UZB"]
[Date "2023.12.26"]
[EventDate "2023.12.26"]
[Round "2.30"]
[Result "0-1"]
[White "Venkataraman Karthik"]
[Black "Rauf Mamedov"]
[WhiteElo "2426"]
[BlackElo "2578"]
[PlyCount "78"]

1. e4 c5 2. Nf3 Nc6 3. Nc3 g6 4. Bb5 Bg7 5. d3 d6 6. e5 dxe5 7. Bxc6+ bxc6
8. Qe2 f6 9. Be3 Nh6 10. Bxc5 Nf5 11. Ne4 O-O 12. c3 Nd6 13. O-O a5 14.
Rfd1 Be6 15. h3 Bf7 16. Ng3 Bd5 17. b3 a4 18. c4 Bf7 19. b4 a3 20. Rac1 Nb7
21. Be3 Nd6 22. Bc5 Nb7 23. Be3 Nd6 24. Bd2 Qc8 25. Ne4 Rd8 26. Nc5 g5 27.
d4 g4 28. hxg4 Qxg4 29. dxe5 Bxc4 30. Qe3 Nf5 31. Qc3 Bd5 32. e6 Bxa2 33.
Nb7 Rdc8 34. Re1 Bd5 35. Na5 a2 36. Re2 Bxf3 37. Qxf3 Qxf3 38. gxf3 Nd4 39.
Re3 Bh6 0-1

[Event "World Rapid 2023"]
[Site "Samarkand UZB"]
[Date "2023.12.26"]
[EventDate "2023.12.26"]
[Round "2.31"]
[Result "1-0"]
[White "Tigran L Petrosian"]
[Black "Alisher Suleymenov"]
[WhiteElo "2623"]
[BlackElo "2440"]
[PlyCount "114"]

1. Nf3 Nf6 2. g3 d5 3. Bg2 c5 4. O-O g6 5. c4 Bg7 6. cxd5 Nxd5 7. Qa4+ Nc6
8. Qc4 Qd6 9. Ng5 Be6 10. Nxe6 fxe6 11. Nc3 Nd4 12. Ne4 Qd7 13. Nxc5 Qc6
14. e3 b5 15. Qd3 Qxc5 16. exd4 Bxd4 17. Qe4 Rd8 18. a4 b4 19. Qxe6 Rf8 20.
Qe2 Rd6 21. Kh1 Rxf2 22. Rxf2 Bxf2 23. d4 Bxd4 24. Bd2 Bxb2 25. Rf1 Bf6 26.
g4 Nc3 27. Qe1 Qe5 28. Qc1 Qe2 29. Bxc3 bxc3 30. Qf4 Rd2 31. Bc6+ Kf8 32.
g5 Rd1 33. Qb8+ Kg7 34. gxf6+ Kh6 35. Rxd1 Qxd1+ 36. Kg2 Qg4+ 37. Qg3 Qe2+
38. Qf2 Qg4+ 39. Qg3 Qxg3+ 40. Kxg3 exf6 41. Be4 f5 42. Bc2 Kg5 43. Bd1 h5
44. h4+ Kf6 45. Kf4 Ke6 46. Bb3+ Kd6 47. Ke3 Ke5 48. Kd3 f4 49. Bd1 Kf5 50.
Kxc3 Ke4 51. Kd2 f3 52. Bc2+ Kf4 53. Bxg6 Kg3 54. Bxh5 f2 55. Be2 Kxh4 56.
Ke3 Kg3 57. Bf1 1-0

[Event "World Rapid 2023"]
[Site "Samarkand UZB"]
[Date "2023.12.26"]
[EventDate "2023.12.26"]
[Round "2.32"]
[Result "1/2-1/2"]
[White "Benjamin Haldorsen"]
[Black "Sandipan Chanda"]
[WhiteElo "2349"]
[BlackElo "2602"]
[PlyCount "100"]

1. e4 c5 2. Nc3 d6 3. f4 g6 4. Nf3 Bg7 5. Bc4 Nc6 6. O-O Nf6 7. d3 O-O 8.
Qe1 Na5 9. Qh4 Nxc4 10. dxc4 e6 11. e5 Nd7 12. Qxd8 Rxd8 13. Rd1 dxe5 14.
fxe5 b6 15. Bg5 Rf8 16. Re1 Bb7 17. Rad1 Bxf3 18. Rxd7 Bc6 19. Rd6 Rfc8 20.
h4 h5 21. a4 a6 22. b3 Rab8 23. Ne4 Bf8 24. Nf6+ Kh8 25. Rd2 b5 26. axb5
axb5 27. Nd7 Bxd7 28. Rxd7 bxc4 29. bxc4 Kg8 30. Rf1 Bg7 31. Rfxf7 Bxe5 32.
Bf6 Rb1+ 33. Kf2 Bxf6 34. Rxf6 Rf8 35. Rxf8+ Kxf8 36. Rc7 Rc1 37. Rxc5
Rxc2+ 38. Kf3 Ke7 39. g3 Rc3+ 40. Kf2 Kf6 41. Rc8 Kf5 42. Rf8+ Kg4 43. Rf6
Rc2+ 44. Ke3 Kxg3 45. Rxg6+ Kxh4 46. Kd4 e5+ 47. Kd5 e4 48. Kxe4 Rxc4+ 49.
Kf3 Rc2 50. Ke4 1/2-1/2

[Event "World Rapid 2023"]
[Site "Samarkand UZB"]
[Date "2023.12.26"]
[EventDate "2023.12.26"]
[Round "2.33"]
[Result "0-1"]
[White "Mittal Aditya"]
[Black "Alan Pichot"]
[WhiteElo "2381"]
[BlackElo "2575"]
[PlyCount "120"]

1. d4 Nf6 2. Nf3 d5 3. Bf4 c5 4. e3 Nc6 5. Nbd2 Nh5 6. dxc5 Nxf4 7. exf4 g6
8. c3 Bh6 9. g3 O-O 10. Nb3 Re8 11. Bg2 b6 12. O-O Ba6 13. Re1 e6 14. Nfd4
Nxd4 15. cxd4 Bg7 16. Rc1 Rb8 17. c6 Qd6 18. Bf1 Bxf1 19. Kxf1 Rec8 20. Qc2
Rc7 21. Re3 a5 22. Rc3 a4 23. Nd2 Bxd4 24. Rd3 Bg7 25. Qxa4 Bxb2 26. Rc2
Bg7 27. Qb5 Rbc8 28. Ne4 Qe7 29. Ng5 h6 30. Nf3 Qd6 31. Qxb6 Rxc6 32. Rxc6
Qxc6 33. Qxc6 Rxc6 34. Ra3 Bf6 35. Ra7 Rc1+ 36. Kg2 Rc2 37. a4 g5 38. a5 g4
39. Ne5 Bxe5 40. fxe5 Kg7 41. a6 Ra2 42. Kf1 Kg6 43. Ke1 h5 44. Kf1 d4 45.
Rd7 Rxa6 46. Rxd4 Ra1+ 47. Kg2 Re1 48. h3 gxh3+ 49. Kxh3 Rxe5 50. g4 Rg5
51. gxh5+ Kxh5 52. Rd8 e5 53. f4 exf4 54. Rd4 Rg3+ 55. Kh2 Kg4 56. Ra4 Rb3
57. Kg2 Rb2+ 58. Kf1 Kg3 59. Ra8 Rb1+ 60. Ke2 f3+ 0-1

[Event "World Rapid 2023"]
[Site "Samarkand UZB"]
[Date "2023.12.26"]
[EventDate "2023.12.26"]
[Round "2.34"]
[Result "0-1"]
[White "Mergen Kakabayev"]
[Black "Andrey Gorovets"]
[WhiteElo "2257"]
[BlackElo "2563"]
[PlyCount "66"]

1. e4 c6 2. d4 d5 3. e5 Bf5 4. h4 Qb6 5. Nc3 h5 6. Nge2 e6 7. Ng3 Bg6 8.
Be2 c5 9. dxc5 Bxc5 10. O-O Qd8 11. Bg5 Be7 12. Bxe7 Nxe7 13. Nxh5 Bxh5 14.
Bxh5 Nbc6 15. Re1 g6 16. Bf3 Rxh4 17. g3 Rh8 18. Qd2 Qb6 19. a3 Nf5 20. Kg2
O-O-O 21. b4 Qd4 22. Rad1 Kb8 23. Nb5 Qb6 24. Nc3 Ncd4 25. Bg4 Rc8 26. Na4
Qc6 27. Nc5 b6 28. c3 Nb5 29. a4 d4+ 30. Ne4 Nxc3 31. Bf3 Nxd1 32. Qxd1 Qc2
33. Nc5 Rh2+ 0-1

[Event "World Rapid 2023"]
[Site "Samarkand UZB"]
[Date "2023.12.26"]
[EventDate "2023.12.26"]
[Round "2.35"]
[Result "1/2-1/2"]
[White "Manuel Petrosyan"]
[Black "Zhandos Agmanov"]
[WhiteElo "2539"]
[BlackElo "2403"]
[PlyCount "78"]

1. e4 e6 2. d4 d5 3. e5 c5 4. c3 Nc6 5. Nf3 Bd7 6. Be2 Nge7 7. O-O Ng6 8.
Be3 Be7 9. a3 c4 10. Nbd2 b5 11. Ne1 a5 12. f4 b4 13. g4 Nh4 14. Nef3 Nxf3+
15. Nxf3 O-O 16. a4 Rb8 17. Qe1 f5 18. exf6 Bxf6 19. Bd1 Be8 20. Bc2 b3 21.
Bb1 Be7 22. Qg3 Bd6 23. Qh3 g6 24. f5 exf5 25. gxf5 Bd7 26. Ng5 Qe7 27. Qf3
Bxf5 28. Qxd5+ Kg7 29. Bxf5 Qxe3+ 30. Kh1 Qxg5 31. Qxd6 Rxf5 32. Qxc6 Rbf8
33. Qxc4 Rf2 34. Rxf2 Rxf2 35. Qc6 Qf4 36. Qd7+ Kf8 37. Qd8+ Kf7 38. Qd7+
Kf8 39. Qd8+ Kf7 1/2-1/2

[Event "World Rapid 2023"]
[Site "Samarkand UZB"]
[Date "2023.12.26"]
[EventDate "2023.12.26"]
[Round "2.36"]
[Result "1/2-1/2"]
[White "Giga Quparadze"]
[Black "Akmal Fayzullaev"]
[WhiteElo "2538"]
[BlackElo "2293"]
[PlyCount "200"]

1. e4 c6 2. d4 d5 3. Nc3 dxe4 4. Nxe4 Nf6 5. Nxf6+ exf6 6. c3 Bd6 7. Bd3
O-O 8. Qc2 Re8+ 9. Ne2 h6 10. Be3 Nd7 11. O-O Qc7 12. h3 Nf8 13. c4 Ne6 14.
Qd2 Bd7 15. c5 Bf8 16. b4 Rad8 17. Rad1 Qc8 18. Ng3 Nc7 19. a3 Be6 20. Rde1
Nd5 21. Re2 f5 22. Rfe1 Qd7 23. Bb1 Nxe3 24. fxe3 g6 25. Rf2 Bg7 26. Ne2
Re7 27. Nf4 Rde8 28. Nxe6 Rxe6 29. Ba2 Re4 30. d5 cxd5 31. Bxd5 R4e5 32. e4
Kh7 33. Rd1 R8e7 34. exf5 Rxf5 35. Bf3 Qa4 36. Qd3 h5 37. Rdf1 Rd7 38. Qc2
Qxa3 39. c6 bxc6 40. Qxc6 Re7 41. Qc4 Qc3 42. Rc2 Qe3+ 43. Kh1 Qb6 44. Ra2
a5 45. bxa5 Rxa5 46. Re2 Rxe2 47. Bxe2 f5 48. Bf3 Qe3 49. Rd1 Ra7 50. Qe2
Qf4 51. Qd2 Qg3 52. Qe1 Be5 53. Qg1 Rc7 54. Rd3 Qf4 55. g3 Qxg3 56. Qxg3
Bxg3 57. Bxh5 gxh5 58. Rxg3 Kh6 59. Kh2 h4 60. Rg8 Rg7 61. Ra8 Kg5 62. Rh8
Rd7 63. Kg2 Rd2+ 64. Kf3 Rd3+ 65. Kg2 Rd2+ 66. Kf3 Rd3+ 67. Kg2 Rc3 68. Ra8
Rg3+ 69. Kh2 Re3 70. Kg2 Kf4 71. Ra4+ Re4 72. Ra2 Rd4 73. Rf2+ Kg5 74. Ra2
Rd3 75. Ra8 Rg3+ 76. Kh2 Rb3 77. Kg2 Kf4 78. Ra4+ Ke3 79. Rxh4 f4 80. Rh8
Rb2+ 81. Kg1 Rb1+ 82. Kh2 f3 83. Re8+ Kf2 84. h4 Rb2 85. Kh3 Rb1 86. h5
Rh1+ 87. Kg4 Kg2 88. Re3 f2 89. Rg3+ Kf1 90. Re3 Rh2 91. Re8 Kg1 92. Rf8
f1=Q 93. Rxf1+ Kxf1 94. Kg5 Ke2 95. h6 Kd3 96. Kg6 Ke4 97. h7 Ke5 98. Kg7
Rg2+ 99. Kf7 Rh2 100. Kg7 1/2-1/2

[Event "World Rapid 2023"]
[Site "Samarkand UZB"]
[Date "2023.12.26"]
[EventDate "2023.12.26"]
[Round "2.37"]
[Result "0-1"]
[White "Eldiar Orozbaev"]
[Black "Conrad Holt"]
[WhiteElo "2294"]
[BlackElo "2548"]
[PlyCount "78"]

1. e4 e6 2. d4 d5 3. Nc3 Nf6 4. e5 Nfd7 5. f4 c5 6. Nf3 Nc6 7. Be3 cxd4 8.
Nxd4 Bc5 9. Qd2 O-O 10. O-O-O a6 11. h4 Nxd4 12. Bxd4 b5 13. h5 b4 14. Ne2
a5 15. Rh3 Ba6 16. f5 Bxe2 17. Bxe2 Bxd4 18. Qxd4 Qg5+ 19. Re3 Qxf5 20. h6
g6 21. Qh4 g5 22. Rg3 Nxe5 23. Rxg5+ Ng6 24. Qg3 Qf6 25. Bd3 a4 26. Rf1 Qe7
27. Qh4 Ra7 28. Kb1 a3 29. b3 f5 30. Kc1 Qf6 31. Kd1 Kh8 32. Qh5 Rc7 33. g4
Qa1+ 34. Kd2 Qc3+ 35. Kd1 Ne5 36. Rgxf5 exf5 37. Rxf5 Rcf7 38. Qg5 Nxd3 39.
Rxf7 Qe1# 0-1

[Event "World Rapid 2023"]
[Site "Samarkand UZB"]
[Date "2023.12.26"]
[EventDate "2023.12.26"]
[Round "2.38"]
[Result "1-0"]
[White "Jinshi Bai"]
[Black "Kanan Garayev"]
[WhiteElo "2540"]
[BlackElo "2280"]
[PlyCount "54"]

1. Nf3 d5 2. d4 e6 3. g3 Nf6 4. Bg2 Be7 5. c4 O-O 6. b3 b6 7. O-O Bb7 8.
Nc3 c5 9. dxc5 dxc4 10. cxb6 Qxd1 11. Rxd1 cxb3 12. bxa7 Rxa7 13. a4 Ne4
14. Nb5 Bf6 15. Nxa7 Bxa1 16. Ba3 b2 17. Bxf8 Nc3 18. Re1 Nxe2+ 19. Kh1 Nc3
20. Bd6 Nd7 21. Nd2 Bxg2+ 22. Kxg2 Nxa4 23. Nb5 Ndc5 24. Nb1 Nb3 25. Ba3
Nb6 26. Nd6 Nd4 27. Bc5 1-0

[Event "World Rapid 2023"]
[Site "Samarkand UZB"]
[Date "2023.12.26"]
[EventDate "2023.12.26"]
[Round "2.39"]
[Result "1-0"]
[White "Vladislav Artemiev"]
[Black "Mustafokhuja Khusenkhojaev"]
[WhiteElo "2721"]
[BlackElo "2161"]
[PlyCount "114"]

1. Nf3 Nf6 2. g3 g6 3. Bg2 Bg7 4. d4 d5 5. c4 c6 6. Nbd2 O-O 7. O-O Bf5 8.
b3 Nbd7 9. Bb2 a5 10. Nh4 Be6 11. Qc2 a4 12. e3 b5 13. c5 Ne8 14. b4 f5 15.
Nhf3 Kh8 16. Ne1 Bf7 17. Ndf3 Qc7 18. Nd3 Nef6 19. Ng5 Ne4 20. Nh3 a3 21.
Bc3 Nxc3 22. Qxc3 e5 23. f4 exd4 24. exd4 Nf6 25. Ne5 Ne4 26. Qc1 Ra4 27.
Rb1 Be6 28. Rb3 Bf6 29. Nf2 Kg7 30. Nfd3 h5 31. Rxa3 Rfa8 32. Rxa4 Rxa4 33.
Qb2 Qc8 34. a3 Qa8 35. Ra1 Ra6 36. Bf3 Qh8 37. h4 Qa8 38. Kg2 Bf7 39. Bd1
Be8 40. Ra2 Kf8 41. Qa1 Ke7 42. a4 Kd8 43. Nc1 bxa4 44. Rxa4 Rxa4 45. Qxa4
Qxa4 46. Bxa4 Kc7 47. Ne2 Bg7 48. Kf3 Nd2+ 49. Ke3 Ne4 50. Bc2 Nf6 51. Nc3
Ng4+ 52. Kd2 Nf2 53. Ke2 Ng4 54. Ba4 Nf6 55. Ke3 Ng4+ 56. Nxg4 hxg4 57.
Nxd5+ 1-0

[Event "World Rapid 2023"]
[Site "Samarkand UZB"]
[Date "2023.12.26"]
[EventDate "2023.12.26"]
[Round "2.40"]
[Result "1-0"]
[White "Anish Giri"]
[Black "Gallego Alcaraz, Andres Felipe"]
[WhiteElo "2698"]
[BlackElo "2419"]
[PlyCount "90"]

1. d4 Nf6 2. c4 g6 3. Nc3 d5 4. cxd5 Nxd5 5. e4 Nxc3 6. bxc3 Bg7 7. Bc4 c5
8. Ne2 Nc6 9. Be3 O-O 10. O-O b6 11. Rc1 Bb7 12. Bb5 Qc7 13. Bf4 e5 14. Bg3
Na5 15. d5 c4 16. Kh1 Rad8 17. f4 exf4 18. Bxf4 Qe7 19. Ng3 Qa3 20. Qa4
Qxa4 21. Bxa4 f6 22. Bc7 Rc8 23. Bd6 Rf7 24. Bb4 Bf8 25. Ne2 f5 26. Nd4
fxe4 27. Rxf7 Kxf7 28. Rf1+ Kg8 29. Bd7 Bxb4 30. cxb4 Rd8 31. Ne6 Rb8 32.
bxa5 Bxd5 33. axb6 axb6 34. Nf4 Bf7 35. Kg1 b5 36. a3 Kg7 37. Ne2 b4 38.
axb4 Rxb4 39. Kf2 Rb2 40. Bc6 c3 41. Bxe4 Bc4 42. Re1 Kf6 43. Ke3 c2 44.
Nd4 Bb3 45. Rc1 1-0

[Event "World Rapid 2023"]
[Site "Samarkand UZB"]
[Date "2023.12.26"]
[EventDate "2023.12.26"]
[Round "2.41"]
[Result "0-1"]
[White "Matvey Galchenko"]
[Black "Teimour Radjabov"]
[WhiteElo "2416"]
[BlackElo "2691"]
[PlyCount "116"]

1. e4 c5 2. c3 e6 3. d4 d5 4. e5 Bd7 5. Nf3 a6 6. Be2 cxd4 7. cxd4 Bb5 8.
Nc3 Bxe2 9. Nxe2 Nc6 10. O-O Nge7 11. a3 Nf5 12. b4 Rc8 13. Be3 Be7 14. Rc1
O-O 15. Nf4 Qb6 16. Qd3 Nxe3 17. fxe3 Na7 18. e4 dxe4 19. Qxe4 Nb5 20. Nh5
Rxc1 21. Rxc1 Rd8 22. Kh1 Nxd4 23. Qe3 Qa7 24. h3 b5 25. Nxd4 Qxd4 26. Qxd4
Rxd4 27. Rc7 Bg5 28. g3 h6 29. h4 Bxh4 30. Rc6 Bg5 31. Rxa6 Re4 32. Ra5
Rxe5 33. Kg2 Re2+ 34. Kf3 Re3+ 35. Kf2 Rb3 36. Rxb5 Rxa3 37. Kg2 g6 38. Nf4
Bxf4 39. gxf4 Rb3 40. Rb7 Kg7 41. b5 h5 42. b6 Kf6 43. Kf2 h4 44. Kg2 Rb4
45. Kf3 h3 46. Kg3 h2 47. Kxh2 Rxf4 48. Rc7 Rb4 49. b7 g5 50. Kg3 Kg6 51.
Re7 e5 52. Kf3 f6 53. Kg3 Rb3+ 54. Kf2 g4 55. Kg2 Kg5 56. Rc7 f5 57. Re7
Rb2+ 58. Kg3 f4# 0-1

[Event "World Rapid 2023"]
[Site "Samarkand UZB"]
[Date "2023.12.26"]
[EventDate "2023.12.26"]
[Round "2.42"]
[Result "0-1"]
[White "Baadur Jobava"]
[Black "Mukhiddin Madaminov"]
[WhiteElo "2671"]
[BlackElo "2337"]
[PlyCount "104"]

1. e4 e5 2. Nf3 Nc6 3. d4 exd4 4. Nxd4 Qf6 5. Nf5 d5 6. Qxd5 Nb4 7. Qb5+ c6
8. Qe2 Bxf5 9. exf5+ Qe7 10. Na3 O-O-O 11. Qxe7 Nxe7 12. f6 gxf6 13. g3 Ng6
14. Bh3+ Kc7 15. O-O h5 16. Be3 Nd5 17. Bd2 Ne5 18. Kg2 Bxa3 19. bxa3 Nc4
20. Bc1 Rhe8 21. Bf5 b5 22. h4 a5 23. Bd3 a4 24. Bh6 Rh8 25. Bc1 Kb6 26.
Bxc4 bxc4 27. Rb1+ Ka6 28. Kf3 Rb8 29. Bf4 Rxb1 30. Rxb1 Re8 31. Rb8 Rxb8
32. Bxb8 f5 33. Be5 Kb5 34. Ke2 Kc5 35. f3 f6 36. Bb8 Ne7 37. Kd2 Kd5 38.
Bc7 Ng6 39. Kc3 c5 40. Bd8 Ne5 41. Bxf6 Nxf3 42. Be7 Ne5 43. Kd2 Nc6 44.
Bf8 Nd4 45. Bg7 Ke4 46. Kc3 Ne2+ 47. Kxc4 Nxg3 48. Bf8 f4 49. Bxc5 Nf5 50.
Bf2 Ne3+ 51. Kb5 Kf3 52. Be1 Ke2 0-1

[Event "World Rapid 2023"]
[Site "Samarkand UZB"]
[Date "2023.12.26"]
[EventDate "2023.12.26"]
[Round "2.44"]
[Result "0-1"]
[White "Raymond Song"]
[Black "Iturrizaga Bonelli, Eduardo"]
[WhiteElo "2402"]
[BlackElo "2635"]
[PlyCount "60"]

1. e4 c5 2. Nf3 e6 3. d4 cxd4 4. Nxd4 a6 5. c4 Nf6 6. Nc3 Bb4 7. Qd3 d6 8.
Be2 Nbd7 9. f3 O-O 10. O-O Qc7 11. Be3 Ne5 12. Qd2 Nxc4 13. Bxc4 Qxc4 14.
Rac1 Qc7 15. a3 Bxc3 16. Rxc3 Qd8 17. Ne2 Ne8 18. Rd1 Bd7 19. e5 Bb5 20.
exd6 Nxd6 21. Bc5 Nc4 22. Qc1 Qc7 23. Bxf8 Rxf8 24. Kh1 Qe5 25. Nd4 Nb6 26.
Rc5 Nd5 27. Nxb5 axb5 28. Rxb5 b6 29. a4 h5 30. Qc4 Ra8 0-1

[Event "World Rapid 2023"]
[Site "Samarkand UZB"]
[Date "2023.12.26"]
[EventDate "2023.12.26"]
[Round "2.45"]
[Result "1-0"]
[White "Haik M Martirosyan"]
[Black "Ramazan Zhalmakhanov"]
[WhiteElo "2575"]
[BlackElo "2399"]
[PlyCount "88"]

1. d4 d5 2. c4 e6 3. Nf3 c5 4. cxd5 exd5 5. g3 Nc6 6. Bg2 Nf6 7. O-O Be7 8.
dxc5 Bxc5 9. a3 Ne4 10. Nfd2 f5 11. b4 Bb6 12. Bb2 O-O 13. e3 Be6 14. Nf3
Qd6 15. Nbd2 Rad8 16. Nb3 a6 17. Rc1 Rc8 18. Qe2 Bd7 19. Rfd1 Ne7 20. Be5
Qg6 21. Qb2 Bb5 22. Na5 Ba4 23. Re1 Bc6 24. Bd4 Bc7 25. Ne5 Qh6 26. Naxc6
bxc6 27. Nd3 Bd6 28. Rc2 Rf7 29. Rec1 Rcf8 30. Qb3 g5 31. f4 Qe6 32. fxg5
Nxg5 33. Nf4 Bxf4 34. exf4 Ne4 35. Qd3 Ra8 36. Bf3 Qg6 37. Qe2 Rff8 38. Bb2
Rfc8 39. Qd1 h6 40. Bh5 Qh7 41. Qd4 Rc7 42. Rg2 Rf8 43. Qe5 Rd7 44. Qe6+
1-0

[Event "World Rapid 2023"]
[Site "Samarkand UZB"]
[Date "2023.12.26"]
[EventDate "2023.12.26"]
[Round "2.47"]
[Result "0-1"]
[White "Aleksandr Rakhmanov"]
[Black "Artem Uskov"]
[WhiteElo "2633"]
[BlackElo "2396"]
[PlyCount "108"]

1. c4 e5 2. Nf3 e4 3. Nd4 Nc6 4. e3 Nf6 5. Nc3 g6 6. Nde2 b6 7. Ng3 Qe7 8.
a3 Bb7 9. Qc2 Nd8 10. b4 Bg7 11. Bb2 O-O 12. Rb1 Re8 13. Be2 a5 14. O-O
axb4 15. axb4 h5 16. f3 exf3 17. Bxf3 Bxf3 18. Rxf3 Nc6 19. Rbf1 Nxb4 20.
Qb3 h4 21. Nge2 d5 22. Nxd5 Nbxd5 23. cxd5 Ne4 24. Bxg7 Kxg7 25. Qb2+ Kg8
26. Nd4 Ng5 27. Rf4 h3 28. Nc6 Qf8 29. Rg4 hxg2 30. Kxg2 Qh6 31. h4 Ne4 32.
Qd4 Nd6 33. Qf6 Ra2 34. Rf2 Qg7 35. Qf3 f5 36. Rf4 Ne4 37. Nd4 Nxf2 38.
Qxf2 Qe5 39. Kh3 Qxd5 40. Qg1 Kh7 41. h5 Rg8 42. Nf3 gxh5 43. Qb1 Ra5 44.
Nh4 Rg5 45. Rd4 Qe5 46. Rf4 Qb5 47. Qc1 c6 48. Qd1 Qd5 49. Qe1 b5 50. Rd4
Qe6 51. Qb1 Ra4 52. Nf3 Rg7 53. Rd8 Qg6 54. Qd1 0-1

[Event "World Rapid 2023"]
[Site "Samarkand UZB"]
[Date "2023.12.26"]
[EventDate "2023.12.26"]
[Round "2.48"]
[Result "0-1"]
[White "Giovanni Vescovi"]
[Black "Savva Vetokhin"]
[WhiteElo "2609"]
[BlackElo "2358"]
[PlyCount "62"]

1. d4 Nf6 2. c4 e6 3. Nc3 d5 4. Nf3 Bb4 5. Bd2 O-O 6. e3 b6 7. cxd5 exd5 8.
Rc1 Re8 9. Nb5 Bxd2+ 10. Nxd2 c6 11. Nc3 c5 12. Nf3 Bb7 13. Bb5 Bc6 14. a4
a6 15. Be2 Nbd7 16. b3 Qe7 17. O-O Bb7 18. Re1 Rac8 19. Bf1 Ne4 20. Rc2
Ndf6 21. Nxe4 dxe4 22. Ne5 Rcd8 23. Bc4 Bd5 24. Qe2 cxd4 25. exd4 Qe6 26.
Bxa6 Bxb3 27. Rc7 Rxd4 28. Nxf7 Nd5 29. Ra7 Rxa4 30. Ng5 Qg6 31. Qb2 Rb4
0-1

[Event "World Rapid 2023"]
[Site "Samarkand UZB"]
[Date "2023.12.26"]
[EventDate "2023.12.26"]
[Round "2.49"]
[Result "0-1"]
[White "Cem Kaan Gokerkan"]
[Black "Hans Moke Niemann"]
[WhiteElo "2365"]
[BlackElo "2592"]
[PlyCount "100"]

1. e4 c6 2. d4 d5 3. e5 Bf5 4. h4 a6 5. g4 Bd7 6. Nc3 e6 7. Be3 c5 8. dxc5
Qc7 9. Qd2 Bxc5 10. Bxc5 Qxc5 11. O-O-O Ne7 12. h5 h6 13. f4 Nbc6 14. Nge2
O-O-O 15. Na4 Qa7 16. Qc3 b5 17. Nc5 b4 18. Qe3 d4 19. Nxd4 Qxc5 20. Bxa6+
Kb8 21. Nxc6+ Qxc6 22. Qb3 Qb6 23. Bc4 Bc6 24. Rhe1 Kc7 25. f5 exf5 26.
gxf5 Nxf5 27. Bxf7 Rxd1+ 28. Rxd1 Qe3+ 29. Qxe3 Nxe3 30. Rg1 Rd8 31. e6 Nf5
32. b3 Kd6 33. Rg4 Rb8 34. Bg6 Kxe6 35. Bxf5+ Kxf5 36. Rxg7 Bf3 37. Rg6 Rh8
38. Rb6 Bxh5 39. Rb5+ Kg6 40. Rxb4 Bf3 41. Kd2 h5 42. Ke3 Ba8 43. Kf2 h4
44. Kg1 Bd5 45. Rd4 Bb7 46. c4 Kg5 47. b4 Re8 48. Rd2 Kg4 49. Kf2 h3 50.
Rd4+ Be4 0-1

[Event "World Rapid 2023"]
[Site "Samarkand UZB"]
[Date "2023.12.26"]
[EventDate "2023.12.26"]
[Round "2.50"]
[Result "1-0"]
[White "Mohamed Tissir"]
[Black "Alexandr Predke"]
[WhiteElo "2358"]
[BlackElo "2584"]
[PlyCount "48"]

1. e4 c5 2. Nc3 Nc6 3. Bb5 Nd4 4. Bc4 g6 5. Nf3 Bg7 6. O-O d6 7. Nxd4 cxd4
8. Qf3 e6 9. Ne2 Ne7 10. c3 dxc3 11. dxc3 O-O 12. Bb3 Nc6 13. Qg3 Qe7 14.
Bg5 f6 15. Bf4 Ne5 16. Rad1 Kh8 17. Bxe5 dxe5 18. f4 exf4 19. Nxf4 a5 20.
Qh3 Qe8 21. Bxe6 a4 22. Rd6 Ra6 23. Rxa6 bxa6 24. Bxc8 1-0

[Event "World Rapid 2023"]
[Site "Samarkand UZB"]
[Date "2023.12.26"]
[EventDate "2023.12.26"]
[Round "2.51"]
[Result "0-1"]
[White "Raunak Sadhwani"]
[Black "Maksim Tsaruk"]
[WhiteElo "2532"]
[BlackElo "2334"]
[PlyCount "70"]

1. e4 e5 2. Nf3 Nc6 3. Bb5 a6 4. Ba4 Nf6 5. d3 b5 6. Bb3 Bb7 7. Nc3 Be7 8.
a3 d6 9. O-O Na5 10. Ba2 c5 11. b4 cxb4 12. axb4 Nc6 13. Nd5 O-O 14. Bd2
Nxd5 15. Bxd5 Qd7 16. c4 Bf6 17. cxb5 axb5 18. Qb3 Ne7 19. Bxb7 Qxb7 20. g4
h6 21. Kh1 Rxa1 22. Rxa1 d5 23. Re1 Rc8 24. h4 Qd7 25. g5 Qh3+ 26. Nh2 Ng6
27. gxf6 Nxh4 28. Rg1 Nf3 29. Rg2 Nxh2 30. Rxg7+ Kh8 31. Rg3 Qh4 32. Kg2
Ng4 33. Kf1 Nxf2 34. Rg2 Ng4 35. Kg1 Rc1+ 0-1

[Event "World Rapid 2023"]
[Site "Samarkand UZB"]
[Date "2023.12.26"]
[EventDate "2023.12.26"]
[Round "2.52"]
[Result "0-1"]
[White "Munkhdalai Amilal"]
[Black "David Paravyan"]
[WhiteElo "2225"]
[BlackElo "2609"]
[PlyCount "80"]

1. e4 e5 2. Nf3 Nf6 3. Nxe5 d6 4. Nf3 Nxe4 5. Nc3 Nxc3 6. dxc3 Be7 7. Bd3
Nd7 8. Be3 O-O 9. Qd2 Nc5 10. O-O Nxd3 11. Qxd3 Re8 12. h3 Qd7 13. Rad1 Qf5
14. Qxf5 Bxf5 15. Nd4 Bd7 16. c4 a6 17. Ne2 Be6 18. b3 b5 19. Nf4 bxc4 20.
Nxe6 fxe6 21. bxc4 Reb8 22. Rb1 a5 23. a4 Rb4 24. Rxb4 axb4 25. Ra1 Bf6 26.
Ra2 Ra5 27. Kf1 Kf7 28. Ke2 Ke7 29. Kd3 c5 30. Bd2 d5 31. g4 Kd6 32. f4 g6
33. Be1 Kc6 34. Bd2 h5 35. Be1 hxg4 36. hxg4 Ra7 37. a5 Rh7 38. a6 Rh3+ 39.
Ke2 Ra3 40. Kd1 0-1

[Event "World Rapid 2023"]
[Site "Samarkand UZB"]
[Date "2023.12.26"]
[EventDate "2023.12.26"]
[Round "2.53"]
[Result "0-1"]
[White "Vasquez Schroeder, Rodrigo"]
[Black "Gianmarco Leiva"]
[WhiteElo "2582"]
[BlackElo "2351"]
[PlyCount "96"]

1. e4 c6 2. Nf3 d5 3. d3 g6 4. Qe2 Bg7 5. g3 Nh6 6. Bg2 O-O 7. O-O f6 8. d4
Nf7 9. c4 Na6 10. Nc3 Nc7 11. Rd1 e6 12. b3 b6 13. Qc2 Ba6 14. Ba3 Re8 15.
Na4 Qd7 16. Rac1 Bb7 17. Bh3 f5 18. cxd5 exd5 19. exf5 Nh6 20. Ne5 Bxe5 21.
dxe5 Nxf5 22. Bb2 c5 23. Nc3 d4 24. Ne4 Qc6 25. Bg2 Rxe5 26. Nf6+ Qxf6 27.
Bxb7 Rae8 28. Rf1 Re2 29. Qb1 Nd6 30. Bc6 R8e6 31. Rce1 Qxf2+ 32. Rxf2
Rxe1+ 33. Qxe1 Rxe1+ 34. Kg2 Ne4 35. Rf1 Re2+ 36. Kf3 Rxb2 37. Kxe4 Re2+
38. Kf4 Re6 39. Bf3 Kg7 40. g4 Nd5+ 41. Kg3 Nc3 42. a4 g5 43. h4 gxh4+ 44.
Kxh4 Rf6 45. g5 Rf8 46. Kg4 d3 47. Rf2 Ne4 48. Rh2 d2 0-1

[Event "World Rapid 2023"]
[Site "Samarkand UZB"]
[Date "2023.12.26"]
[EventDate "2023.12.26"]
[Round "2.54"]
[Result "1-0"]
[White "Saidakbar Saydaliev"]
[Black "Sanan Sjugirov"]
[WhiteElo "2316"]
[BlackElo "2584"]
[PlyCount "100"]

1. e4 c5 2. Nf3 d6 3. d4 cxd4 4. Nxd4 Nf6 5. Nc3 a6 6. a3 g6 7. Be3 Nc6 8.
f3 h5 9. Bc4 Bd7 10. O-O Bg7 11. Re1 O-O 12. Nd5 Rc8 13. Nxc6 Rxc6 14. Qe2
e6 15. Nxf6+ Qxf6 16. c3 Qe7 17. Rad1 b5 18. Bb3 Rb8 19. Qd2 a5 20. Bf4 Bf8
21. Bg5 Qe8 22. Bf6 Bg7 23. Bxg7 Kxg7 24. f4 b4 25. axb4 axb4 26. c4 e5 27.
f5 Qd8 28. Rf1 f6 29. fxg6 Be6 30. Kh1 Qe7 31. h3 h4 32. Ra1 Kxg6 33. Qf2
Rh8 34. Ra7 Qd8 35. Ba4 Rc5 36. b3 Rc8 37. Rd1 Rc7 38. Ra6 Re7 39. Rdxd6
Qc8 40. Bc6 Qxa6 41. Be8+ Rexe8 42. Rxa6 Rh5 43. c5 Rg5 44. Qxh4 Bxb3 45.
Rb6 Be6 46. Rxb4 Ra8 47. Rb2 Ra3 48. Qh8 Rh5 49. Qe8+ Bf7 50. Qd7 1-0

[Event "World Rapid 2023"]
[Site "Samarkand UZB"]
[Date "2023.12.26"]
[EventDate "2023.12.26"]
[Round "2.55"]
[Result "1-0"]
[White "Jamshid Mustafaev"]
[Black "Boris Savchenko"]
[WhiteElo "2313"]
[BlackElo "2592"]
[PlyCount "86"]

1. Nf3 d5 2. g3 Nf6 3. Bg2 e6 4. O-O c5 5. d3 Nc6 6. Nbd2 Be7 7. e4 O-O 8.
e5 Nd7 9. Re1 b5 10. h4 a5 11. h5 h6 12. Nf1 a4 13. Bf4 a3 14. b3 b4 15.
Qd2 Na7 16. g4 Nb5 17. N1h2 Nb8 18. g5 hxg5 19. Bxg5 Bxg5 20. Nxg5 f6 21.
exf6 Qxf6 22. Ng4 Qf4 23. Qxf4 Rxf4 24. Ne3 Ra7 25. Nxd5 Rg4 26. Nxe6 Kh7
27. Re4 Bxe6 28. Rxe6 Nd4 29. Re8 Nf3+ 30. Kf1 Nh2+ 31. Ke2 Rxg2 32. Ne3
Rg5 33. Rxb8 Re7 34. Rh1 Rg2 35. Rf8 Ng4 36. Rh3 Rg1 37. Rf5 Ra1 38. Rxc5
Rxa2 39. Kd2 Nxe3 40. fxe3 Ra1 41. Ra5 Rf7 42. Rh2 a2 43. d4 Rff1 1-0

[Event "World Rapid 2023"]
[Site "Samarkand UZB"]
[Date "2023.12.26"]
[EventDate "2023.12.26"]
[Round "2.56"]
[Result "1-0"]
[White "Aleksandar Indjic"]
[Black "Bobir Sattarov"]
[WhiteElo "2547"]
[BlackElo "2333"]
[PlyCount "74"]

1. d4 Nf6 2. c4 c5 3. d5 g6 4. Nc3 Bg7 5. e4 d6 6. Bd3 O-O 7. Nf3 e6 8. h3
Nbd7 9. Be3 Qe7 10. Nd2 Ne8 11. O-O e5 12. Qc2 Nef6 13. Be2 Kh8 14. Bg5 h6
15. Bh4 a6 16. a3 Qe8 17. b4 Nh7 18. Rab1 f5 19. f3 h5 20. Na4 Bh6 21. bxc5
Nxc5 22. Nxc5 Be3+ 23. Bf2 Bxf2+ 24. Rxf2 dxc5 25. Rb6 Rf6 26. Qb2 Qd8 27.
Rxf6 Qxf6 28. f4 exf4 29. e5 Qg7 30. h4 b5 31. cxb5 axb5 32. Bxb5 Bb7 33.
Bc4 Rd8 34. Qb6 Ra8 35. Nf3 Rxa3 36. Rb2 Rxf3 37. Qd8+ 1-0